| 000 | 00576nam a2200157 i 4500 | ||
|---|---|---|---|
| 001 | 150668 | ||
| 003 | ES-MaACL | ||
| 005 | 20230906203628.0 | ||
| 007 | t| | ||
| 008 | 071105s1924 ve ||||1| spa d | ||
| 100 | 1 |
_aDíaz Rodríguez, Manuel. _944411 |
|
| 245 | 1 | 1 |
_a[Ayacucho en la Revolución de Hispanoamerica] _b: discurso de recepción / _cdel Dr. Manuel Díaz-Rodríguez en la Academia Nacional de la Historia el 6 de diciembre de 1924. |
| 260 |
_aCaracas : _b[s.n., _c1924?] ( _fTip. Americana) |
||
| 300 |
_a30 p. ; _c23 cm. |
||
| 852 |
_aES-MaACL _j1685-F-13 _bR.5070 |
||
| 999 |
_c150668 _d150668 |
||